[Event "PRO League Group Stage"]
[Site "chess.com INT"]
[Date "2019.03.14"]
[Round "10"]
[White "Ponkratov, Pavel"]
[Black "Ghosh, Diptayan"]
[Result "0-1"]
[WhiteTitle "GM"]
[BlackTitle "GM"]
[WhiteElo "2630"]
[BlackElo "2544"]
[WhiteTeam "Moscow Phoenix"]
[BlackTeam "Mumbai Movers"]
[WhiteFideId "4157800"]
[BlackFideId "5045207"]
[EventDate "2019.01.08"]

1. c4 e5 2. Nc3 Bb4 3. Nd5 Bc5 4. Nf3 d6 5. d4 exd4 6. b4 Bb6 7. a4 c5 8. a5 Bc7
9. e3 Nf6 10. Nxf6+ Qxf6 11. exd4 Nc6 12. Qe2+ Qe7 13. Qxe7+ Kxe7 14. bxc5 dxc5
15. d5 Nxa5 16. Bb2 f6 17. Bd3 b6 18. Be4 Bd6 19. Nd2 Kf7 20. Bc3 Nb7 21. O-O-O
Bd7 22. h4 a6 23. f3 b5 24. g4 b4 25. Ba1 a5 26. g5 Bf4 27. Rdg1 Nd6 28. Bd3 a4
29. Kc2 b3+ 30. Kd1 Rab8 31. Bb2 Bf5 32. Ne4 Bxe4 33. fxe4 Be5 34. Ba3 b2 35.
Kc2 Rb3 36. Bxc5 Rc3+ 37. Kd2 Nxc4+ 38. Ke2 Rc8 39. gxf6 gxf6 40. h5 Rxc5 41. h6
f5 42. Rg5 Nd6 0-1

[Event "PRO League Group Stage"]
[Site "chess.com INT"]
[Date "2019.03.14"]
[Round "10"]
[White "Puranik, Abhimanyu"]
[Black "Kryakvin, Dmitry"]
[Result "1-0"]
[WhiteTitle "GM"]
[BlackTitle "GM"]
[WhiteElo "2536"]
[BlackElo "2588"]
[WhiteTeam "Mumbai Movers"]
[BlackTeam "Moscow Phoenix"]
[WhiteFideId "5061245"]
[BlackFideId "4153278"]
[EventDate "2019.01.08"]

1. e4 e6 2. d4 d5 3. Nd2 c5 4. Ngf3 Nc6 5. exd5 exd5 6. Bb5 Qe7+ 7. Be2 Qc7 8.
dxc5 Bxc5 9. Nb3 Nf6 10. Nxc5 Qa5+ 11. Qd2 Qxc5 12. Qe3+ Qxe3 13. Bxe3 Bg4 14.
c3 O-O-O 15. O-O-O Ne4 16. h3 Bh5 17. g4 Bg6 18. Nh4 Rhe8 19. Nxg6 hxg6 20. Bf3
Re7 21. Bg2 f5 22. Rhe1 Rf7 23. f3 Nf6 24. Bg5 d4 25. c4 Re8 26. Rxe8+ Nxe8 27.
f4 fxg4 28. hxg4 Nc7 29. Bxc6 bxc6 30. Rxd4 Ne6 31. Rd6 Nxf4 32. Rxc6+ Kb7 33.
Rd6 Ne2+ 34. Kc2 Rf2 35. Kd3 Rg2 36. Rxg6 a5 37. Rxg7+ Kc6 38. Rg6+ Kb7 39. c5
Ng1 40. c6+ Ka6 41. Be3 Nf3 42. Ke4 Nd2+ 43. Kf4 1-0

[Event "PRO League Group Stage"]
[Site "chess.com INT"]
[Date "2019.03.14"]
[Round "10"]
[White "Demidov, Mikhail"]
[Black "Sadhwani, Raunak"]
[Result "1-0"]
[WhiteTitle "IM"]
[BlackTitle "IM"]
[WhiteElo "2520"]
[BlackElo "2451"]
[WhiteTeam "Moscow Phoenix"]
[BlackTeam "Mumbai Movers"]
[WhiteFideId "4197143"]
[BlackFideId "35093487"]
[EventDate "2019.01.08"]

1. d4 Nf6 2. Bg5 d5 3. Nf3 e6 4. e3 c5 5. dxc5 Bxc5 6. Be2 O-O 7. O-O Nc6 8. c4
dxc4 9. Bxc4 b6 10. Nc3 Bb7 11. Qe2 a6 12. Rfd1 Qc7 13. Bf4 Qe7 14. Na4 Na5 15.
Bd3 Nd5 16. Bg3 Rfd8 17. Nxc5 bxc5 18. Rac1 Nb4 19. Bb1 Bd5 20. b3 Bxf3 21. gxf3
Rxd1+ 22. Rxd1 Rd8 23. Rxd8+ Qxd8 24. a3 Nbc6 25. Qxa6 h5 26. Be4 h4 27. Bxc6
hxg3 28. hxg3 Nxb3 29. Kg2 Nd2 30. Bb5 Qd5 31. Be2 c4 32. Qc8+ Kh7 33. a4 g5 34.
Kg1 Kg7 35. Qc7 Nxf3+ 36. Bxf3 Qxf3 37. Qxc4 g4 38. Qd4+ Kg6 39. a5 f6 40. a6 e5
41. Qd7 Qe4 42. Qb7 Qd3 43. a7 Qd1+ 44. Kg2 1-0

[Event "PRO League Group Stage"]
[Site "chess.com INT"]
[Date "2019.03.14"]
[Round "10"]
[White "Raja, Harshit"]
[Black "Kuznetsov, Mikhail V."]
[Result "0-1"]
[WhiteTitle "IM"]
[BlackTitle "FM"]
[WhiteElo "2432"]
[BlackElo "2292"]
[WhiteTeam "Mumbai Movers"]
[BlackTeam "Moscow Phoenix"]
[WhiteFideId "5089000"]
[BlackFideId "4194900"]
[EventDate "2019.01.08"]

1. e4 c6 2. Nf3 d5 3. Nc3 a6 4. d4 Bg4 5. h3 Bh5 6. g4 Bg6 7. exd5 cxd5 8. Ne5
Nc6 9. Bg2 e6 10. Nxc6 bxc6 11. Ne2 Bd6 12. h4 h5 13. Nf4 Bxf4 14. Bxf4 hxg4 15.
Qxg4 Nh6 16. Bxh6 gxh6 17. O-O-O Rg8 18. Rhg1 Qa5 19. h5 Bh7 20. Qf4 Qa4 21. Qd2
Qxa2 22. Qxh6 Bf5 23. Bxd5 Qa1+ 24. Kd2 Qa5+ 25. c3 O-O-O 26. Rxg8 Rxg8 27. Bc4
Qa4 28. Be2 Qc2+ 29. Ke3 Qe4+ 30. Kd2 Qc2+ 31. Ke3 Qxb2 32. Qf6 Qxc3+ 33. Bd3
Bxd3 34. Rxd3 Qe1+ 35. Kf3 Qh1+ 36. Ke2 Qxh5+ 37. Rf3 Rd8 38. Qxf7 Qxf7 39. Rxf7
Rxd4 40. Ra7 Ra4 41. Re7 Re4+ 42. Kd3 Re5 43. Ra7 a5 44. f4 Rf5 45. Ke4 Kd8 46.
Kd4 Rxf4+ 47. Ke5 Rc4 48. Kxe6 a4 49. Kd6 Kc8 50. Ke5 Kb8 51. Ra5 Kb7 52. Kd6
Kb6 53. Ra8 Rd4+ 54. Ke5 c5 55. Rb8+ Ka5 56. Rb1 a3 57. Rb8 Ka4 58. Rc8 a2 59.
Ra8+ Kb3 60. Rb8+ Rb4 61. Ra8 Kb2 62. Kd5 a1=Q 0-1

[Event "PRO League Group Stage"]
[Site "chess.com INT"]
[Date "2019.03.14"]
[Round "10"]
[White "Vaibhav, Suri"]
[Black "Sjugirov, Sanan"]
[Result "1/2-1/2"]
[WhiteTitle "GM"]
[BlackTitle "GM"]
[WhiteElo "2590"]
[BlackElo "2663"]
[WhiteTeam "Delhi Dynamite"]
[BlackTeam "Moscow Wizards"]
[WhiteFideId "5045185"]
[BlackFideId "4189302"]
[EventDate "2019.01.08"]

1. e4 c5 2. Nf3 d6 3. d4 cxd4 4. Nxd4 Nf6 5. Nc3 a6 6. Be2 e5 7. Nf3 Be7 8. Bg5
Be6 9. Bxf6 Bxf6 10. O-O Be7 11. Nd5 Nd7 12. Bc4 O-O 13. Qe2 b5 14. Bb3 Nc5 15.
Rfd1 Nxb3 16. axb3 f5 17. exf5 Bxf5 18. Ne3 Qc8 19. Nxf5 Qxf5 20. b4 Kh8 21. c3
Qg6 22. Ne1 Bd8 23. Nc2 Bb6 24. Ne3 Ra7 25. Qd3 Bxe3 26. Qxe3 Raf7 27. Rd2 h6
28. h3 Rf3 29. Qb6 R3f6 30. Qxa6 Qg5 31. Rad1 e4 32. Qb6 Rg6 33. g4 Qh4 34. Rxd6
Rxd6 35. Rxd6 Qxh3 36. Rd8 Qxg4+ 37. Kf1 Rxd8 38. Qxd8+ Kh7 39. Qd5 h5 40. Qxb5
Qd1+ 41. Kg2 Qf3+ 42. Kg1 Qg4+ 43. Kf1 Qd1+ 44. Kg2 Qf3+ 45. Kg1 Qg4+ 46. Kf1 1/2-1/2

[Event "PRO League Group Stage"]
[Site "chess.com INT"]
[Date "2019.03.14"]
[Round "10"]
[White "Tsydypov, Zhamsaran"]
[Black "Nihal, Sarin"]
[Result "1/2-1/2"]
[WhiteTitle "IM"]
[BlackTitle "GM"]
[WhiteElo "2545"]
[BlackElo "2578"]
[WhiteTeam "Moscow Wizards"]
[BlackTeam "Delhi Dynamite"]
[WhiteFideId "4108566"]
[BlackFideId "25092340"]
[EventDate "2019.01.08"]

1. e4 e5 2. Nf3 Nc6 3. d4 exd4 4. Nxd4 Nf6 5. Nxc6 bxc6 6. e5 Qe7 7. Qe2 Nd5 8.
h4 a5 9. c4 Ba6 10. b3 Nb6 1/2-1/2

[Event "PRO League Group Stage"]
[Site "chess.com INT"]
[Date "2019.03.14"]
[Round "10"]
[White "Hemant, Sharma2"]
[Black "Anisimov, Pavel2"]
[Result "0-1"]
[WhiteTitle "IM"]
[BlackTitle "IM"]
[WhiteElo "2377"]
[BlackElo "2527"]
[WhiteTeam "Delhi Dynamite"]
[BlackTeam "Moscow Wizards"]
[WhiteFideId "5025842"]
[BlackFideId "4135229"]
[EventDate "2019.01.08"]

1. e4 c5 2. Nc3 Nc6 3. g3 g6 4. Bg2 Bg7 5. d3 e6 6. Nge2 Nge7 7. Bg5 h6 8. Be3
b6 9. Qd2 Bb7 10. O-O d5 11. exd5 Nxd5 12. Nxd5 exd5 13. d4 c4 14. b3 cxb3 15.
axb3 Ne7 16. Bf4 Qd7 17. h4 Nf5 18. Be5 f6 19. Bf4 g5 20. Be3 Nd6 21. hxg5 fxg5
22. Nc3 Nf5 23. Bh3 O-O 24. Rae1 Rae8 25. Qd3 Qf7 26. Bxf5 Qxf5 27. Qxf5 Rxf5
28. Nb5 Rf6 29. Nxa7 Ba6 30. c4 dxc4 31. Ra1 b5 32. bxc4 bxc4 33. d5 Bb7 34. Ra5
Rd6 35. Nc6 Bxc6 36. dxc6 Rxc6 37. Rd1 Re7 38. Kg2 c3 39. Ra8+ Kf7 40. Ra2 Rb7
41. Kf3 c2 42. Re1 Rb3 43. Ra7+ Kg6 44. Ke2 Rxe3+ 0-1

[Event "PRO League Group Stage"]
[Site "chess.com INT"]
[Date "2019.03.14"]
[Round "10"]
[White "Skvortsov, Andrei"]
[Black "Manu, David Suthandram R"]
[Result "0-1"]
[WhiteElo "2128"]
[BlackElo "2252"]
[WhiteTeam "Moscow Wizards"]
[BlackTeam "Delhi Dynamite"]
[WhiteFideId "24108600"]
[BlackFideId "35019562"]
[EventDate "2019.01.08"]

1. e4 c5 2. Ne2 Nc6 3. g3 e6 4. Bg2 d5 5. exd5 exd5 6. O-O Nf6 7. d4 Bg4 8. dxc5
Bxc5 9. h3 Be6 10. Nf4 O-O 11. Nxe6 fxe6 12. Nd2 Qd6 13. Nb3 Bb6 14. Kh2 Rad8
15. c3 e5 16. Qe2 e4 17. Bf4 Qe7 18. Rad1 Rfe8 19. Rd2 Bc7 20. Bxc7 Qxc7 21.
Rfd1 Ne5 22. Rd4 Nc4 23. Kg1 Kh8 24. Re1 a5 25. Rdd1 Qb6 26. Rb1 e3 27. Nd4 Qc7
28. f4 Qb6 29. b4 Nd2 30. bxa5 Qxa5 31. Rxb7 Qxc3 32. Nf5 d4 33. Qd1 Rb8 34. Kh2
Rxb7 35. Bxb7 Qb2 36. Bg2 Rc8 37. Qe2 Rd8 38. Qd3 Nf3+ 0-1

[Event "PRO League Group Stage"]
[Site "chess.com INT"]
[Date "2019.03.14"]
[Round "10"]
[White "Pantsulaia, Levan"]
[Black "Oparin, Grigoriy"]
[Result "1-0"]
[WhiteTitle "GM"]
[BlackTitle "GM"]
[WhiteElo "2597"]
[BlackElo "2613"]
[WhiteTeam "Tbilisi Gentlemen"]
[BlackTeam "Volga Stormbringers"]
[WhiteFideId "13602071"]
[BlackFideId "24125890"]
[EventDate "2019.01.08"]

1. Nf3 Nf6 2. g3 b5 3. Bg2 Bb7 4. O-O e6 5. b3 c5 6. c4 b4 7. Bb2 Be7 8. a3 a5
9. axb4 axb4 10. Rxa8 Bxa8 11. d3 d5 12. Ne5 O-O 13. Nd2 Nc6 14. Qa1 Nxe5 15.
Bxe5 Qd7 16. cxd5 Bxd5 17. Nc4 Qc6 18. e4 Bxc4 19. dxc4 Qb6 20. Bf4 Rd8 21. e5
Nd7 22. Be4 Nf8 23. Be3 Qc7 24. Kg2 Nd7 25. f4 f5 26. Bf3 Nf8 27. Qb1 g6 28. g4
fxg4 29. Bxg4 Rd7 30. Qe4 Qb7 31. Kf3 Qxe4+ 32. Kxe4 Ra7 33. Rd1 Kf7 34. Rd2 Ra1
35. Bd1 h5 36. h3 Ke8 37. Kd3 Ra7 38. Rg2 Rd7+ 39. Kc2 Kf7 40. Bf3 Ra7 41. Kb2
Rd7 42. Be2 Rd8 43. Rg1 Ra8 44. Bd3 Ra7 45. Be4 Ra6 46. Rd1 Ra7 47. Bc6 Ra6 48.
Ba4 Ra8 49. Kc2 Rc8 50. Rd3 Rc7 51. Kd2 Rc8 52. Ke2 Rc7 53. Rd1 Rc8 54. Kf3 Ra8
55. Ke4 Ra7 56. Rd2 Ra8 57. Rd6 Bxd6 58. exd6 Ra5 59. Ke5 Ra7 60. Bxc5 Ra5 61.
Kd4 e5+ 62. Kd5 Ne6 63. Bb5 Nxc5 64. Kxc5 exf4 65. Kb6 Ra1 66. c5 Ke6 67. d7 Ke7
68. c6 1-0

[Event "PRO League Group Stage"]
[Site "chess.com INT"]
[Date "2019.03.14"]
[Round "10"]
[White "Frolyanov, Dmitry"]
[Black "Paichadze, Luka"]
[Result "0-1"]
[WhiteTitle "GM"]
[BlackTitle "GM"]
[WhiteElo "2517"]
[BlackElo "2583"]
[WhiteTeam "Volga Stormbringers"]
[BlackTeam "Tbilisi Gentlemen"]
[WhiteFideId "4151976"]
[BlackFideId "13602934"]
[EventDate "2019.01.08"]

1. Nf3 Nf6 2. g3 b5 3. Bg2 Bb7 4. O-O e6 5. b3 Be7 6. Bb2 c5 7. c4 a6 8. Qc2 d6
9. Nc3 Qa5 10. cxb5 axb5 11. a4 b4 12. Nb5 Nbd7 13. d4 O-O 14. dxc5 Be4 15. Qd2
Nxc5 16. Qe3 Nd5 17. Qd2 Nxb3 18. Qd1 Nxa1 19. Bxa1 Qxa4 20. Qd4 Bf6 21. Qxe4
Qxb5 0-1

[Event "PRO League Group Stage"]
[Site "chess.com INT"]
[Date "2019.03.14"]
[Round "10"]
[White "Quparadze, Giga"]
[Black "Bazeev, German"]
[Result "1-0"]
[WhiteTitle "GM"]
[WhiteElo "2493"]
[BlackElo "2423"]
[WhiteTeam "Tbilisi Gentlemen"]
[BlackTeam "Volga Stormbringers"]
[WhiteFideId "13602250"]
[BlackFideId "24119350"]
[EventDate "2019.01.08"]

1. e4 g6 2. d4 Bg7 3. Nc3 d6 4. f4 a6 5. Nf3 b5 6. Bd3 Nd7 7. e5 c5 8. Be4 Rb8
9. Be3 c4 10. Ne2 Nh6 11. c3 Nb6 12. O-O Nf5 13. Bf2 h5 14. h3 h4 15. Bxf5 gxf5
16. Bxh4 Bb7 17. Qe1 Be4 18. Ng3 d5 19. Bg5 f6 20. exf6 exf6 21. Nxf5 Rb7 22.
Nd2 Re7 23. Nxe7 Qxe7 24. Bh4 Nc8 25. f5 Bh6 26. Nxe4 dxe4 27. Qe2 Nb6 28. Rae1
e3 29. Qf3 Kf8 30. Bg3 Qf7 31. Bd6+ Kg8 32. Bf4 Bxf4 33. Qxf4 Nd5 34. Qg3+ Qg7
35. Qf3 Qf7 36. Rxe3 1-0

[Event "PRO League Group Stage"]
[Site "chess.com INT"]
[Date "2019.03.14"]
[Round "10"]
[White "Skatchkov, Valery"]
[Black "Volkov, Nika"]
[Result "0-1"]
[WhiteTitle "FM"]
[WhiteElo "2279"]
[BlackElo "2153"]
[WhiteTeam "Volga Stormbringers"]
[BlackTeam "Tbilisi Gentlemen"]
[WhiteFideId "24195812"]
[BlackFideId "13604376"]
[EventDate "2019.01.08"]

1. d4 e6 2. c4 d5 3. Nf3 Nf6 4. g3 Be7 5. Bg2 O-O 6. O-O dxc4 7. Qa4 a6 8. Qxc4
b5 9. Qc2 Bb7 10. Nc3 Nbd7 11. Rd1 c5 12. dxc5 Bxc5 13. a3 Qb6 14. e3 Rac8 15.
b4 Be7 16. Qb3 Nd5 17. Bb2 Bf6 18. Ne2 Bxb2 19. Qxb2 N7f6 20. Nfd4 Ng4 21. h3
Ngxe3 22. fxe3 Nxe3 23. Bxb7 Qxb7 24. Kf2 Nxd1+ 25. Rxd1 Rfd8 26. Re1 Qe4 27.
Nf3 Rd3 28. Nfg1 Qe3+ 29. Kg2 Rd2 30. Rc1 Rcd8 31. Rc2 Qe4+ 0-1

[Event "PRO League Group Stage"]
[Site "chess.com INT"]
[Date "2019.03.14"]
[Round "10"]
[White "Martirosyan, Haik M."]
[Black "Ehlvest, Jaan"]
[Result "1-0"]
[WhiteTitle "GM"]
[BlackTitle "GM"]
[WhiteElo "2607"]
[BlackElo "2521"]
[WhiteTeam "Armenia Eagles"]
[BlackTeam "Estonia Horses"]
[WhiteFideId "13306553"]
[BlackFideId "4500016"]
[EventDate "2019.01.08"]

1. d4 e6 2. Nf3 c5 3. e4 cxd4 4. Nxd4 Nf6 5. Bd3 d6 6. O-O a6 7. Nc3 Nbd7 8. Kh1
b5 9. a3 Bb7 10. f4 g6 11. Qe2 Bg7 12. f5 Qe7 13. Bg5 O-O 14. Rae1 Rae8 15. Qd2
Qd8 16. Re2 Qb6 17. Nf3 Bc6 18. Qf4 b4 19. axb4 Qxb4 20. Qc1 Nc5 21. Bd2 Qb7 22.
fxe6 Nxe6 23. b4 Nc7 24. Rfe1 Nb5 25. Nxb5 axb5 26. Nd4 Bd7 27. Bf4 Ng4 28. Nf3
Ne5 29. Nxe5 Bxe5 30. Bh6 Bg7 31. Bxg7 Kxg7 32. e5 dxe5 33. Rxe5 Rxe5 34. Rxe5
Bc6 35. Re2 Kg8 36. Qg5 Bd5 37. h4 Bc4 38. h5 Bxd3 39. cxd3 Ra8 40. Re1 Qd7 41.
h6 Qd4 42. Qe7 Rf8 43. Re4 Qf2 44. Qe5 1-0

[Event "PRO League Group Stage"]
[Site "chess.com INT"]
[Date "2019.03.14"]
[Round "10"]
[White "Andriasian, Zaven"]
[Black "Ponkratov, Pavel"]
[Result "0-1"]
[WhiteTitle "GM"]
[BlackTitle "GM"]
[WhiteElo "2604"]
[BlackElo "2630"]
[WhiteTeam "Armenia Eagles"]
[BlackTeam "Moscow Phoenix"]
[WhiteFideId "13302000"]
[BlackFideId "4157800"]
[EventDate "2019.01.08"]

1. e4 e5 2. Nf3 Nf6 3. Nxe5 Nxe4 4. Qe2 Qe7 5. Qxe4 d6 6. d4 dxe5 7. dxe5 Nc6 8.
Nc3 Qxe5 9. Bf4 Qxe4+ 10. Nxe4 Bf5 11. Bd3 O-O-O 12. O-O-O Bg6 13. a3 Rd4 14.
Rhe1 f5 15. Ng3 Rxf4 16. Bxf5+ Rxf5 17. Nxf5 Bc5 18. Ne3 Re8 19. Ng4 Rxe1 20.
Rxe1 h5 21. Ne3 b6 22. Rd1 Be4 23. g3 Ne5 24. b4 Bxe3+ 25. fxe3 Ng4 26. h4 Bf5
27. Rf1 g6 28. Kd2 Kd7 29. c4 Kd6 30. Rf4 Nf6 31. Rd4+ Ke5 32. Ke2 Ne4 33. Kf3
Nd6 34. Rd5+ Ke6 35. Kf4 Nxc4 36. e4 Bg4 37. a4 Nd6 38. Rg5 Kf7 39. Rd5 Bd7 40.
b5 Be6 41. Rd3 Nxe4 42. Rd8 Nc5 43. Ra8 Ke7 44. Rxa7 Kd6 45. a5 Bc4 46. Kg5 Bxb5
47. axb6 cxb6 48. Kxg6 Be2 49. Kg5 b5 50. Kf4 b4 51. Ke3 Bg4 52. Kd4 b3 53. Kc3
Bd1 54. Ra8 Ne4+ 55. Kb2 Ke5 56. Rg8 Nc5 57. Kc1 Bg4 58. Kb2 Na4+ 59. Kxb3 Be6+
60. Kxa4 Bxg8 61. Kb4 Ke4 62. Kc3 Kf3 63. Kd2 Kxg3 64. Ke1 Kxh4 65. Kf1 Kg3 66.
Kg1 h4 67. Kh1 h3 68. Kg1 Bc4 69. Kh1 Bd5+ 70. Kg1 h2+ 0-1

[Event "PRO League Group Stage"]
[Site "chess.com INT"]
[Date "2019.03.14"]
[Round "10"]
[White "Kryakvin, Dmitry"]
[Black "Martirosyan, Haik M."]
[Result "0-1"]
[WhiteTitle "GM"]
[BlackTitle "GM"]
[WhiteElo "2588"]
[BlackElo "2607"]
[WhiteTeam "Moscow Phoenix"]
[BlackTeam "Armenia Eagles"]
[WhiteFideId "4153278"]
[BlackFideId "13306553"]
[EventDate "2019.01.08"]

1. d4 Nf6 2. Bg5 e6 3. e4 h6 4. Bxf6 Qxf6 5. c3 d6 6. Bc4 Nd7 7. Nd2 g5 8. Ne2
h5 9. O-O Bh6 10. a4 Qe7 11. a5 a6 12. f4 gxf4 13. Nxf4 h4 14. Qe2 Rg8 15. Kh1
Qg5 16. Rf2 Nf6 17. Raf1 Ng4 18. Rf3 Bd7 19. Nb3 O-O-O 20. Nh3 Qh5 21. Rxf7 Qg6
22. R1f3 Kb8 23. Nd2 Be8 24. Re7 Bd7 25. Nf1 Rg7 26. Rxg7 Qxg7 27. Nf2 Nf6 28.
e5 Nh7 29. exd6 cxd6 30. Nd3 Ng5 31. Rf2 h3 32. Nf4 hxg2+ 33. Rxg2 Rf8 34. Nh5
Qf7 35. h4 Nh3 36. Kh2 Nf2 37. Nfg3 Ka8 38. Kg1 Nh3+ 39. Kh2 Nf4 40. Nxf4 Bxf4
41. Qg4 d5 42. Be2 e5 43. Qh5 Qe6 44. Qf3 e4 45. Qf2 Bd6 46. Qe1 Qh3+ 47. Kg1
Rg8 48. Bxa6 Rxg3 49. Rxg3 Bxg3 50. Qe2 bxa6 51. Qxa6+ Kb8 52. Qb6+ Kc8 53. Qa6+
Kd8 54. Qf6+ Ke8 55. Qg6+ Ke7 56. Qg7+ Kd6 57. Qf8+ Kc7 58. Qc5+ Bc6 59. Qa7+
Kc8 60. Qa6+ Bb7 0-1

[Event "PRO League Group Stage"]
[Site "chess.com INT"]
[Date "2019.03.14"]
[Round "10"]
[White "Sargsyan, Shant"]
[Black "Demidov, Mikhail"]
[Result "1-0"]
[WhiteTitle "IM"]
[BlackTitle "IM"]
[WhiteElo "2486"]
[BlackElo "2520"]
[WhiteTeam "Armenia Eagles"]
[BlackTeam "Moscow Phoenix"]
[WhiteFideId "13306766"]
[BlackFideId "4197143"]
[EventDate "2019.01.08"]

1. e4 e6 2. d4 d5 3. e5 c5 4. c3 Ne7 5. Nf3 Nec6 6. Bd3 b6 7. O-O Ba6 8. Ne1
Bxd3 9. Qxd3 Be7 10. Qg3 g6 11. Nf3 h5 12. h4 Na6 13. Bg5 Nc7 14. Qf4 Qd7 15.
Nbd2 c4 16. b3 b5 17. a4 cxb3 18. Nxb3 bxa4 19. Rxa4 Rb8 20. Bxe7 Qxe7 21. Nc5
a5 22. Ng5 O-O 23. Kh2 f6 24. exf6 Rxf6 25. Qg3 e5 26. Re1 Rf5 27. Nf3 Kg7 28.
Nxe5 Nxe5 29. Rxe5 Rxe5 30. Qxe5+ Qxe5+ 31. dxe5 Rb5 32. Nd3 Ne6 33. g3 Kf7 34.
Kg2 Nc5 35. Nxc5 Rxc5 36. f4 Ke6 37. Kf2 Kf5 38. Ra3 Ke4 39. Ke2 Rc4 40. e6 Kf5
41. e7 Re4+ 42. Kf3 Rxe7 43. Rxa5 Ke6 44. Ke3 Kf5+ 45. Kd4 Kg4 46. c4 Kxg3 47.
cxd5 Kxf4 48. d6 Rd7 49. Kd5 g5 50. hxg5 Rg7 51. Kc6 h4 52. d7 Rg8 53. Kc7 h3
54. d8=Q Rxd8 55. Kxd8 h2 56. Ra1 Kxg5 57. Rh1 Kg4 58. Rxh2 1-0

[Event "PRO League Group Stage"]
[Site "chess.com INT"]
[Date "2019.03.14"]
[Round "10"]
[White "Kuznetsov, Mikhail V."]
[Black "Manukian, Artak"]
[Result "1/2-1/2"]
[WhiteTitle "FM"]
[WhiteElo "2292"]
[BlackElo "2196"]
[WhiteTeam "Moscow Phoenix"]
[BlackTeam "Armenia Eagles"]
[WhiteFideId "4194900"]
[BlackFideId "13301373"]
[EventDate "2019.01.08"]

1. d4 Nf6 2. Nf3 e6 3. g3 d5 4. c4 dxc4 5. Qa4+ Bd7 6. Qxc4 Bc6 7. Bg2 Nbd7 8.
O-O Nb6 9. Qc2 Qd5 10. Nh4 Qd7 11. Bxc6 Qxc6 12. Qxc6+ bxc6 13. Nf3 c5 14. Bg5
Ne4 1/2-1/2

[Event "PRO League Group Stage"]
[Site "chess.com INT"]
[Date "2019.03.14"]
[Round "10"]
[White "Ghosh, Diptayan"]
[Black "Vaibhav, Suri"]
[Result "1-0"]
[WhiteTitle "GM"]
[BlackTitle "GM"]
[WhiteElo "2544"]
[BlackElo "2590"]
[WhiteTeam "Mumbai Movers"]
[BlackTeam "Delhi Dynamite"]
[WhiteFideId "5045207"]
[BlackFideId "5045185"]
[EventDate "2019.01.08"]

1. d4 Nf6 2. c4 e6 3. Nf3 d5 4. g3 Be7 5. Bg2 O-O 6. Qc2 c6 7. O-O dxc4 8. Qxc4
b5 9. Qb3 Bb7 10. Bg5 Nbd7 11. Nc3 a6 12. Ne5 Nxe5 13. dxe5 Nd7 14. Bxe7 Qxe7
15. f4 Rab8 16. Rad1 c5 17. Bxb7 Rxb7 18. Rd6 Nb6 19. Ne4 c4 20. Qf3 Nc8 21.
Rxa6 Rd8 22. f5 exf5 23. Qxf5 Ra7 24. Rc6 Rc7 25. Rxc7 Qxc7 26. Ng5 Qb6+ 27. Kg2
Qg6 28. Qxg6 fxg6 29. Ne4 Rd5 30. Kf3 Rxe5 31. Rd1 Nb6 32. Rd8+ Kf7 33. Rb8 Na4
34. b3 cxb3 35. axb3 Nc5 36. Rxb5 Rf5+ 37. Ke3 Nxe4 38. Rb7+ Kf6 39. Kxe4 Re5+
40. Kf3 Rf5+ 41. Kg2 Re5 42. Kf2 Rf5+ 43. Kg2 Re5 44. Kf2 Rg5 45. Rb4 Re5 46.
Rd4 g5 47. b4 Ke6 48. Rc4 Kd6 49. Rc8 Rb5 50. Rg8 g6 51. Rg7 Rxb4 52. Rxh7 Ke5
53. Rf7 Ke6 54. Rf3 g4 55. Rf4 Rb5 56. Rxg4 g5 57. Rd4 Kf5 58. h4 Rb2 59. Rd5+ 1-0

[Event "PRO League Group Stage"]
[Site "chess.com INT"]
[Date "2019.03.14"]
[Round "10"]
[White "Nihal, Sarin"]
[Black "Puranik, Abhimanyu"]
[Result "0-1"]
[WhiteTitle "GM"]
[BlackTitle "GM"]
[WhiteElo "2578"]
[BlackElo "2536"]
[WhiteTeam "Delhi Dynamite"]
[BlackTeam "Mumbai Movers"]
[WhiteFideId "25092340"]
[BlackFideId "5061245"]
[EventDate "2019.01.08"]

1. Nf3 Nf6 2. b3 g6 3. Bb2 Bg7 4. e3 d6 5. d4 O-O 6. Be2 Nbd7 7. O-O c6 8. c4
Qc7 9. Nc3 e5 10. Rc1 Re8 11. h3 Nf8 12. c5 exd4 13. cxd6 Qxd6 14. Nxd4 Ne6 15.
Na4 Ne4 16. Nxe6 Qxd1 17. Rfxd1 Bxe6 18. Bxg7 Kxg7 19. f3 Nf6 20. Nc5 Bc8 21. e4
b6 22. Na6 Bxa6 23. Bxa6 c5 24. Kf2 h5 25. h4 Rad8 26. Bb5 Rf8 27. Ke3 Ng8 28.
a3 Ne7 29. Kf4 f6 30. g3 Nc8 31. Bc4 Nd6 32. Ke3 Rfe8 33. Kf2 Nxc4 34. bxc4 Kf7
35. Ke3 Ke6 36. Rd5 Rxd5 37. cxd5+ Kd6 38. a4 a6 39. Rb1 Rb8 40. g4 hxg4 41.
fxg4 b5 42. axb5 axb5 43. Kf4 b4 44. Ra1 b3 45. Ke3 b2 46. Rb1 Rb4 47. h5 gxh5
48. gxh5 Ke5 49. Kd3 Rxe4 50. Rxb2 Rh4 51. Re2+ Kxd5 52. Rf2 Ke5 53. Re2+ Kd5
54. Rf2 Rh3+ 55. Kc2 Ke5 56. Re2+ Kd4 57. Rf2 Ke5 58. Re2+ Kf5 59. Rf2+ Kg5 60.
Rg2+ Kxh5 61. Rg8 f5 62. Kd2 Kh4 63. Rc8 Kg3 64. Rxc5 f4 65. Rg5+ Kf2 66. Ra5 f3
67. Kd3 Rh8 68. Rg5 Rd8+ 69. Ke4 Ke2 70. Ra5 f2 71. Ra2+ Rd2 0-1

[Event "PRO League Group Stage"]
[Site "chess.com INT"]
[Date "2019.03.14"]
[Round "10"]
[White "Sadhwani, Raunak"]
[Black "Hemant, Sharma2"]
[Result "1/2-1/2"]
[WhiteTitle "IM"]
[BlackTitle "IM"]
[WhiteElo "2451"]
[BlackElo "2377"]
[WhiteTeam "Mumbai Movers"]
[BlackTeam "Delhi Dynamite"]
[WhiteFideId "35093487"]
[BlackFideId "5025842"]
[EventDate "2019.01.08"]

1. e4 c5 2. Na3 g6 3. c3 Bg7 4. Nf3 Nf6 5. d3 O-O 6. g3 d6 7. Bg2 Nc6 8. O-O Rb8
9. Re1 Bg4 10. Nc2 b5 11. Ne3 Bxf3 12. Bxf3 b4 13. Bd2 Ne5 14. Be2 c4 15. d4 Nd3
16. Bxd3 cxd3 17. cxb4 Nxe4 18. Bc3 d2 19. Re2 Rc8 20. Nd5 Nxc3 21. Nxc3 Bxd4
22. Qxd2 Bxc3 23. bxc3 d5 24. h4 e6 25. h5 Qf6 26. Re3 Rc4 27. hxg6 hxg6 28. Rd3
Rxb4 29. cxb4 Qxa1+ 30. Kg2 Rc8 31. Ra3 Rc7 32. Qe3 d4 33. Qe5 Qc1 34. Rd3 Qc6+
35. Kg1 Qc1+ 36. Kg2 Qc6+ 37. Kg1 Qc1+ 38. Kg2 1/2-1/2